La verdad sospechosa /

Guardado en:
Autor Principal: Ruíz de Alarcón, Juan
Formato: Libro
Publicado: Argentina : Espasa Calpe, 1949
Edición:4a. ed.
Materias:
Etiquetas: Agregar Etiqueta
Sin Etiquetas, Sea el primero en etiquetar este registro!
LEADER 00454nam a22001695a 4500
001 CEM.cems005655
005 20060221000000.0
008 130507s1949##################000#0#####d
003 CEMS
082 0 4 |a 862.1 
100 1 |a Ruíz de Alarcón, Juan 
245 1 0 |a La verdad sospechosa / 
250 |a 4a. ed. 
260 |a Argentina :  |b Espasa Calpe,  |c 1949 
300 |a 176 p. 
653 |a Literatura 
859 |a CEMS  |b BIB. CEMS - 11 de abril  |h 862.1  |i R859-3a4  |p 5069.76  |t Ej.1